<?xml version="1.0" encoding="UTF-8"?>
<collection xmlns="http://www.loc.gov/MARC21/slim">
 <record>
  <leader>01215nam a22002177a 4500</leader>
  <controlfield tag="001">NCT_64424</controlfield>
  <controlfield tag="008">190513b        xxu||||| |||| 00| 0 vie d</controlfield>
  <datafield tag="999" ind1=" " ind2=" ">
   <subfield code="c">3118</subfield>
   <subfield code="d">3118</subfield>
  </datafield>
  <datafield tag="020" ind1=" " ind2=" ">
   <subfield code="a">9786046532958</subfield>
   <subfield code="c">139000</subfield>
  </datafield>
  <datafield tag="082" ind1="0" ind2="4">
   <subfield code="2">23rd ed.</subfield>
   <subfield code="a">658.409019</subfield>
   <subfield code="b">G625</subfield>
  </datafield>
  <datafield tag="100" ind1="1" ind2=" ">
   <subfield code="a">Goleman, Daniel</subfield>
  </datafield>
  <datafield tag="245" ind1="1" ind2="0">
   <subfield code="a">Trí tuệ cảm xúc </subfield>
   <subfield code="b">: Ứng dụng trong công việc = Working with emotional intelligence</subfield>
   <subfield code="c">Daniel Goleman ; Nhiều dịch giả</subfield>
  </datafield>
  <datafield tag="250" ind1=" " ind2=" ">
   <subfield code="a">Tái bản lần thứ 2</subfield>
  </datafield>
  <datafield tag="260" ind1=" " ind2=" ">
   <subfield code="a">H.</subfield>
   <subfield code="b">Lao động - Xã hội</subfield>
   <subfield code="c">2017</subfield>
  </datafield>
  <datafield tag="300" ind1=" " ind2=" ">
   <subfield code="a">384 tr.</subfield>
   <subfield code="c">21cm</subfield>
  </datafield>
  <datafield tag="520" ind1="3" ind2=" ">
   <subfield code="a">Sách nói về cảm xúc trong khả năng giao tiếp xã hội, làm chủ bản thân, tự kiểm soát cảm xúc và trí tuệ cảm xúc trong tổ chức, ...</subfield>
  </datafield>
  <datafield tag="653" ind1=" " ind2=" ">
   <subfield code="a">Sách tham khảo</subfield>
  </datafield>
  <datafield tag="942" ind1=" " ind2=" ">
   <subfield code="2">ddc</subfield>
   <subfield code="c">BK</subfield>
  </datafield>
  <datafield tag="952" ind1=" " ind2=" ">
   <subfield code="0">0</subfield>
   <subfield code="1">0</subfield>
   <subfield code="2">ddc</subfield>
   <subfield code="4">0</subfield>
   <subfield code="6">658_409019000000000_G625</subfield>
   <subfield code="7">0</subfield>
   <subfield code="9">16861</subfield>
   <subfield code="a">000001</subfield>
   <subfield code="b">000001</subfield>
   <subfield code="d">2019-05-13</subfield>
   <subfield code="o">658.409019 G625</subfield>
   <subfield code="p">TK.01409</subfield>
   <subfield code="r">2019-05-13</subfield>
   <subfield code="v">139000.00</subfield>
   <subfield code="w">2019-05-13</subfield>
   <subfield code="y">BK</subfield>
  </datafield>
  <datafield tag="952" ind1=" " ind2=" ">
   <subfield code="0">0</subfield>
   <subfield code="1">0</subfield>
   <subfield code="2">ddc</subfield>
   <subfield code="4">0</subfield>
   <subfield code="6">658_409019000000000_G625</subfield>
   <subfield code="7">0</subfield>
   <subfield code="9">16862</subfield>
   <subfield code="a">000001</subfield>
   <subfield code="b">000001</subfield>
   <subfield code="d">2019-05-13</subfield>
   <subfield code="l">1</subfield>
   <subfield code="o">658.409019 G625</subfield>
   <subfield code="p">TK.01410</subfield>
   <subfield code="r">2019-11-21</subfield>
   <subfield code="s">2019-11-18</subfield>
   <subfield code="v">139000.00</subfield>
   <subfield code="w">2019-05-13</subfield>
   <subfield code="y">BK</subfield>
  </datafield>
  <datafield tag="980" ind1=" " ind2=" ">
   <subfield code="a">Thư viện Trường Đại học Nam Cần Thơ</subfield>
  </datafield>
 </record>
</collection>
